00334nam a2200121Ia 4500008004100000020001500041082000800056100001600064245002400080260007500104300002000179490001300199250529s9999 xx 000 0 und d a9991571663 aHUS aAli Hussain 0aRahfushu dhiriulhun aMale'bDhivehibahaai Thaareekhah Khidhumaiykuraa Qaumee Marukazuc1994 a222 p. ; 21 cm. vMalas 51